000 00519nmm a2200169Ia 4500
008 251105s9999||||xx |||||||||||||||||und||
020 _a9788498955217
041 _aspa
100 _aRodríguez López-Vázquez, Alfredo
245 0 _aLos dos Lazarillos, Cervantes y Don Juan
264 _a[Madrid, España] :
_bVisor Libros,
_c2019
300 _a170 páginas
490 _aBiblioteca Filológica Hispana
650 _aSpanish literature
856 _uhttps://public.digitaliapublishing.com/a/77328
942 _cCF
999 _c92225
_d92225